|
|
|
|
| LEADER |
01369nam a2200277 a 4500 |
| 001 |
GR-Patra30907 |
| 003 |
GR-PaULI |
| 005 |
20221115104600.0 |
| 008 |
111216s2007 gr g b 001 b eng d |
| 952 |
|
|
|0 0
|1 0
|2 ddc
|4 0
|6 741_600000000000000_WIG
|7 0
|9 313351
|a LISK
|b LISK
|c BSC
|d 2021-01-17
|e 24
|f 0
|g 0.00
|l 0
|o 741.6 WIG
|p 92410051127
|r 2021-01-17 00:00:00
|t 1
|w 2021-01-17
|y BK15
|x 20120425 0 1
|x GrPaTEI
|
| 952 |
|
|
|0 0
|1 0
|2 ddc
|4 0
|6 741_600000000000000_WIG
|7 0
|9 313352
|a LISK
|b LISK
|c BSC
|d 2021-01-17
|e 24
|f 0
|g 0.00
|l 0
|o 741.6 WIG
|p 92410051128
|r 2021-01-17 00:00:00
|t 2
|v 2021.00
|w 2021-01-17
|y BKN
|x 20120425 0 0
|x GrPaTEI
|
| 952 |
|
|
|0 0
|1 0
|2 ddc
|4 0
|6 741_600000000000000_WIG
|7 0
|9 365771
|a LISP
|b LISP
|c BSC
|d 2022-11-15
|i 51127
|l 0
|o 741.6 WIG
|p 025000295032
|r 2022-11-15 00:00:00
|t 3
|w 2022-11-15
|y BK15
|
| 999 |
|
|
|c 179303
|d 179303
|
| 020 |
|
|
|a 9782940373604
|
| 040 |
|
|
|a GR-PaULI
|b gre
|c GR-PaULI
|e AACR2
|
| 082 |
0 |
4 |
|a 741.6
|2 23
|
| 100 |
1 |
|
|a Wigan, Mark
|9 194610
|e συγγραφέας.
|
| 245 |
1 |
0 |
|a Sequential images /
|c Mark Wigan.
|
| 260 |
|
|
|a Lausanne :
|b AVA Academia,
|c c2007.
|
| 300 |
|
|
|a 176 σ. :
|b εικ. ;
|c 24 εκ.
|
| 490 |
1 |
|
|a Basics illustration
|v 2
|
| 504 |
|
|
|a Περιλαμβάνει βιβλιογραφίες και ευρετήριο.
|
| 650 |
|
4 |
|a Γραφικές τέχνες
|9 8123
|
| 830 |
|
0 |
|a Basic illustration
|h 2.
|9 194611
|
| 942 |
|
|
|2 ddc
|c BK
|
| 998 |
|
|
|c ΜΠΟΥΡΑΣ
|d 2022-11
|